• 首页
  • 本馆介绍
  • 公告通知
  • 最新文献
  • 馆藏检索
  • 电子资源
  • 读者导购
  • 参考咨询
  • 我的图书馆
  • 登录
  • 详细信息显示
  • 放入我的书架
  • 预约/预借图书
  • 作者相关作品
  • 分类相关作品
  • 丛书相关作品
  • 出版社相关作品

书目信息

  • 表格格式
  • 工作单格式
  • 卡片格式
题名:
权力游戏
    
 
作者: 海瑞克·史密斯
分册:  
出版信息:   北京中国言实出版社  1997 11
页数: 611页
开本: 大32开
丛书名:
单 册:
中图分类: D771.2
科图分类:
主题词: 政治
电子资源:
ISBN: 978-626-95845-5-0
000 00537nam0 2200193 45
001 0308271050
005 20030827105624.7
010    @a978-626-95845-5-0@dRMB29.80
100    @a20030827d1997 km y0chiy0120 ea
101    @achi
105    @a z 000yy
200 1  @a权力游戏@Aquan li you xi@f(美)海瑞克.史密斯@F(mei)hai rui ke.shi mi si
210    @c北京中国言实出版社@d1997 11
215    @a611页@c无图表@d大32开
606 0  @a政治
690    @aD771.2@v3
701  0 @a海瑞克·史密斯
801    @aCN@b@c20030827
905    @aBZT@dD771.2@e14
    
    权力游戏/(美)海瑞克.史密斯.-北京中国言实出版社,1997 11
    611页:无图表;大32开
    
    
    ISBN 978-626-95845-5-0:RMB29.80
    
●
相关链接 在五车中查询图书 在当当中查询图书 在豆瓣中查询图书


正题名:权力游戏     索取号:D771.2/14         预约/预借

序号 登录号 条形码 馆藏地/架位号 状态 备注
1 78340   200739923   中心书库南/012架A面5层2列/ [索取号:D771.2/14] 在馆    
2 78341   200739790   中心书库南/012架A面5层2列/ [索取号:D771.2/14] 在馆    
3 78342   200739807   中心书库南/012架A面5层2列/ [索取号:D771.2/14] 在馆    
山东省滨州职业学院图书馆 欢迎您!
大连网信软件有限公司© 版权所有